Produkcia astaxantínu kvasinkou Phaffia rhodozyma
Salvato in:
| Autore principale: | |
|---|---|
| Altri autori: | |
| Natura: | Manoscritto Libro |
| Lingua: | slovacco |
| Soggetti: | |
| Accesso online: | http://is.stuba.sk/zp/portal_zp.pl?podrobnosti=83679 |
| Tags: |
Nessun Tag, puoi essere il primo ad aggiungerne!!
|
MARC
| LEADER | 00000ntm a22000003a 4500 | ||
|---|---|---|---|
| 001 | stuzp40633 | ||
| 003 | SK-STU | ||
| 005 | 20160229160056.8 | ||
| 007 | ta | ||
| 008 | 150427s2015----xo-----f-mn---000-0-slo-d | ||
| 040 | |a STU |b slo | ||
| 041 | 0 | |a slo | |
| 100 | 1 | |a Cséfalvayová, Monika |u 044310 |4 aut |U FCHPT Ústav biotechnológie a potravinárstva |T FCHPT Oddelenie biochemickej technológie |X 44107 |U C4310 |Y 116 |7 44107 | |
| 242 | 0 | 1 | |a Production of Astaxanthin by Yeast of Phaffia rhodozyma |y eng |
| 245 | 1 | 0 | |a Produkcia astaxantínu kvasinkou Phaffia rhodozyma |
| 650 | 4 | |a astaxantín |2 slo | |
| 650 | 4 | |a Phaffia |2 slo | |
| 650 | 4 | |a produkcia |2 slo | |
| 650 | 4 | |a Phaffia |2 eng | |
| 650 | 4 | |a astaxanthin |2 eng | |
| 650 | 4 | |a production |2 eng | |
| 700 | 1 | |a Čertík, Milan, |d 1962- |4 ths |X 3922 |7 A000003922 | |
| 856 | 4 | |u http://is.stuba.sk/zp/portal_zp.pl?podrobnosti=83679 | |
| SQL | |a stuzp40633 |b DBP |c SLO |d Produkcia astaxantínu kvasinkou Phaffia rhodozyma |e 44107 |f Cséfalvayová, Monika |g 044310 |h 3922 |i Čertík, Milan |j 20140714 |k 752 |l 04 |m http://is.stuba.sk/zp/portal_zp.pl?podrobnosti=83679 | ||